000 00837nam a22002777a 4500
001 BR7807904
003 BR-BrBNA
005 20230928085839.0
007 ta
008 230509b bl.||||| |||| 00| 0 por d
040 _aBR-BrBNA
_bpor
_cBiblioteca Nacional de Agricultura
041 _a(Por)
072 _aF70
_b/G514
090 _ F70 BR7807904
100 1 _aKlein, R.M.
245 1 _aMapa fitogeografico do Estado de Santa Catarina [Brasil]
260 3 _aItajai, SC (Brasil):
_bHerborio Barbosa Rodrigues,
_c1978.
300 _a24 p.
500 _a2 illus. (*) Documento disponível na(o) Empresa Catarinense de Pesquisa Agropecuaria, Florianopolis, SC (Brazil)
650 _aGEOGRAFIA
650 _aVEGETACAO
650 _aFLORESTA
650 _aSANTA CATARINA
909 _a202309
_bLucia
_c55
_dLucia Elande
942 _cBK
999 _c26668
_d26668